| 000 | 00421cam a22001337a 4500 | ||
|---|---|---|---|
| 008 | 180718b-- xxu||||| |||| 00| 0 eng d | ||
| 082 | _aF5x5453 K454 | ||
| 100 | _aKerala. Commission of Inquiry | ||
| 245 | _aReport of the Commission of Inquiry | ||
| 260 |
_aTrivandrum _bThe author _c-- |
||
| 300 | _a4 Parts | ||
| 500 | _aLibrary has Pt. 1. 21+p;Pt. 2. 78+p;Pt. 3. 136+p;Pt. 4. 79+p | ||
| 700 | _aVelu Pillai, S. (Chairman) | ||
| 999 |
_c489222 _d489222 |
||